Permutation groups
Saved in:
| Main Author: | |
|---|---|
| Format: | Book |
| Language: | English |
| Published: |
Cambridge ; New York :
Cambridge University press,
c1999
|
| Series: | London Mathematical Society student texts ;
; 45 |
| Subjects: | |
| Tags: |
Add Tag
No Tags, Be the first to tag this record!
|
MARC
| LEADER | 00000nam a2200000 i 4500 | ||
|---|---|---|---|
| 001 | 1/92021 | ||
| 008 | 991108s1999 eng d | ||
| 020 | |a 0521653789 | ||
| 035 | |l 10053866 | ||
| 040 | |a GR-MY-UA |b gre |e aacr | ||
| 041 | 0 | |a eng | |
| 082 | 0 | |a 512.2 | |
| 100 | 1 | |a Cameron, Peter J. |q (Peter Jephson) |d 1947- | |
| 245 | 1 | 0 | |a Permutation groups / |c Peter J. Cameron |
| 260 | |a Cambridge ; New York : |b Cambridge University press, |c c1999 | ||
| 300 | |a x, 220 p.; |b ill.; |c 23 cm. | ||
| 490 | 1 | |a London Mathematical Society student texts |v ; 45 | |
| 500 | |a Includes bibliographical references and index | ||
| 650 | 0 | 0 | |a Permutation groups. |
| 830 | 0 | |a London Mathematical Society student texts ; |v ; 45 | |
| 852 | |a INST |b SAMOS |e 19991108 |h 512.2 CAM |p 005300012306 |q 005300012306 |t BK |y 0 | ||
| 901 | |a BIBL3-1999-3 | ||
| 909 | |a Σ |b 067183 | ||
| 922 | |a 3ΕΛΗ |b 199909 |c ΕΠΕΑΕΚ/ΜΑΘ |d ΠΑΠΑΣΩΤΗΡΙΟΥ | ||
| 970 | |a ΓΕΝΟΥΖΟΥ |b ΧΡΥΣΑΝΘΗ |z 1999/11/08 | ||